| 000 | 00928cam a2200265 a 4500 | ||
|---|---|---|---|
| 001 | 000002581 | ||
| 005 | 20200929150222.0 | ||
| 008 | 811109s1984 ag 001 0bspa | ||
| 020 | _a0802706983 | ||
| 040 |
_aDO-SdBNP _cDLC _dDLC |
||
| 041 | 1 | 7 |
_aspa _heng |
| 082 |
_a813.54 _bK239u |
||
| 100 | 1 |
_aKazimiroff, Theodore L. _98129 |
|
| 240 | 1 | 4 |
_aThe last algonquin. _lEspañol |
| 245 | 1 | 3 |
_aEl ultimo de los algonquinos. / _cTheodore L. Kazimiroff ; traducción de Teresa I. Cillo. |
| 260 |
_aBuenos Aires : _bTres tiempos, _c1984. |
||
| 300 |
_a236 p. : _bmaps ; _c24 cm. |
||
| 490 | 1 |
_aLibros del ayer inconmovibles _vno. 2 |
|
| 534 |
_aTítulo original en ingles : _tThe last algonquin |
||
| 650 | 4 |
_aNarrativa estadounidense _98130 |
|
| 650 | 4 |
_aLiteratura estadounidense _9263 |
|
| 700 | 1 |
_aCillo, Teresa I., _etr. _98131 |
|
| 830 | 0 |
_aLibros del ayer inconmovibles; _vno. 2 _98132 |
|
| 910 | _aCatalogación por copia / LC | ||
| 999 |
_c2417 _d2417 |
||